Caricamento...
Puthiya Niyamam /
| Autore principale: | |
|---|---|
| Lingua: | Undetermined |
| Pubblicazione: |
Vidyarthimithram
|
| LEADER | 00397nam a2200133Ia 4500 | ||
|---|---|---|---|
| 001 | 73355 | ||
| 008 | 170722s9999 xx 000 0 und d | ||
| 100 | |a Chacho, E. J. | ||
| 245 | |a Puthiya Niyamam / | ||
| 260 | |b Vidyarthimithram | ||
| 300 | |a 350 |c 18 cm. | ||
| 942 | |c GEN | ||
| 999 | |c 8286 |d 8286 | ||
| 952 | |0 0 |1 0 |4 0 |6 Q_623_32L0 |7 0 |8 LC1 |9 9439 |a LIB |b LIB |d 2017-08-12 |o Q6:23 32L0 |p 166646 |r 2017-08-12 |v 0.00 |w 2017-08-12 |y GEN | ||